[Event "DM G5 Grp1 2025"]
[Site "Svendborg"]
[Date "2025.04.16"]
[Round "5"]
[White "Hansen, Alex"]
[Black "Gregor, Bjarke"]
[Result "0-1"]
[WhiteElo "1889"]
[BlackElo "2063"]
[WhiteFideId "1409719"]
[BlackFideId "1423401"]
[EventDate "2025.04.12"]
[EventType "swiss"]
[EventRounds "5"]
[EventCountry "DEN"]
[SourceTitle "Live v. Kasper Jerwiarz"]

1. d4 Nf6 2. Nf3 e6 3. c4 b6 4. Nbd2 Bb7 5. e3 d5 6. b3 Bd6 7. Ne5 Nbd7 8. Bb2 c5 9. f4 cxd4 10. exd4 Bb4 11. a3 Bxd2+ 12. Qxd2 Ne4 13. Qe3 O-O 14. Bd3 f5 15. Bxe4 fxe4 16. g4 Nxe5 17. dxe5 dxc4 18. bxc4 Rc8 19. Rc1 Qh4+ 20. Qg3 Qe7 21. a4 Qb4+ 22. Qc3 Qxc3+ 23. Rxc3 Rxf4 24. Rf1 Rxg4 25. Ba3 h6 26. h3 Rg2 27. Rf2 Rg1+ 28. Kd2 Bc6 29. Re2 Ra1 30. Ke3 Rf1 31. Bb4 Rd8 32. Bd6 Bxa4 33. Kxe4 Bc6+ 34. Ke3 a5 35. Rb2 Rf3+ 36. Kd4 Rxd6+ 37. exd6 e5+ 38. Kxe5 Rxc3 39. Kd4 Rc1 40. Rxb6 Bd7 41. c5 Kf7 42. Kd5 Rd1+ 43. Ke5 Rc1 44. Kd5 Bxh3 45. Ra6 Bg2+ 46. Kd4 Rd1+ 47. Kc3 Ke6 48. Rxa5 h5 49. Ra7 g6 50. Rg7 Kf6 51. Re7 h4 52. Kb4 h3 53. Rh7 g5 54. Kb5 g4 55. d7 g3 56. Rh6+ Ke7 57. Rh7+ Kf8 58. Rh8+ Kg7 59. d8=Q Rxd8 60. Rxd8 h2 61. Rd7+ Kf6 62. Rd6+ Kf5 63. c6 Bxc6+ 64. Rxc6 h1=Q 65. Rc5+ Kf4 66. Rc4+ Qe4 67. Rc1 Qd3+ 68. Ka4 g2 69. Re1 g1=Q 0-1

[Event "DM G5 Grp1 2025"]
[Site "Svendborg"]
[Date "2025.04.16"]
[Round "5"]
[White "Jacobsen, Hans Endrup"]
[Black "Svendsen, Peter Willer"]
[Result "1-0"]
[WhiteElo "1922"]
[BlackElo "1867"]
[WhiteFideId "1406841"]
[BlackFideId "1405250"]
[EventDate "2025.04.12"]
[EventType "swiss"]
[EventRounds "5"]
[EventCountry "DEN"]
[SourceTitle "Live v. Kasper Jerwiarz"]

1. e4 e5 2. Nf3 Nf6 3. d4 Nxe4 4. Bd3 d5 5. Nxe5 Nd7 6. Nxd7 Bxd7 7. O-O Bd6 8. c4 O-O 9. cxd5 Re8 10. Nc3 Qh4 11. f4 Bg4 12. Qc2 Nxc3 13. bxc3 Re1 14. Bd2 Rxa1 15. Re1 Rb1 16. Rxb1 Rd8 17. Ra1 Re8 18. Rf1 g5 19. g3 Qh5 20. c4 Bf3 21. Qc1 Be2 22. Re1 Qf3 23. Bxe2 Rxe2 24. Rxe2 Qxe2 25. c5 Bf8 26. fxg5 Bg7 27. Be3 Qxa2 28. d6 Qd5 29. dxc7 Qd7 30. Qa3 Qxc7 31. Qxa7 Qd7 32. Qb8+ Bf8 33. Qe5 Bg7 34. Qe4 Qa4 35. Qd3 Qa1+ 36. Kg2 Qa2+ 37. Bf2 Qd5+ 38. Qf3 Qxg5 39. Qxb7 Qd2 40. Qd5 Bh6 41. Qe4 Qc3 42. d5 Bf8 43. d6 Qa5 44. Qg4+ Bg7 45. Qc8+ Bf8 46. d7 1-0

[Event "DM G5 Grp1 2025"]
[Site "Svendborg"]
[Date "2025.04.16"]
[Round "5"]
[White "Madsen, Svend"]
[Black "Bruntse, Kathrine Lindegaard"]
[Result "1/2-1/2"]
[WhiteElo "1801"]
[BlackElo "1864"]
[WhiteFideId "1419846"]
[BlackFideId "1472283"]
[EventDate "2025.04.12"]
[EventType "swiss"]
[EventRounds "5"]
[EventCountry "DEN"]
[SourceTitle "Live v. Kasper Jerwiarz"]

1. e4 c5 2. Nf3 e6 3. Bc4 Nc6 4. Qe2 Be7 5. O-O a6 6. a4 d5 7. exd5 exd5 8. Ba2 Nf6 9. d3 O-O 10. c3 Bg4 11. Bg5 h6 12. Bh4 Qd7 13. h3 Bh5 14. Nbd2 Rfe8 15. Rfe1 b5 16. Qf1 Bg6 17. b3 Nh5 18. Bxe7 Rxe7 19. Rxe7 Qxe7 20. Bb1 Ra7 21. axb5 axb5 22. Rxa7 Nxa7 23. d4 Bxb1 24. Qxb1 Nf4 25. Qa1 Nd3 26. Kf1 c4 27. b4 f6 28. g3 Qd7 29. Kg2 Qe7 30. Kf1 Qd7 31. Ng1 Qf5 32. Ndf3 Qd7 33. Qb1 Nc6 34. Ne1 Nxe1 35. Qxe1 Qe7 36. Nf3 Qxe1+ 37. Nxe1 Kf7 38. f4 Ke6 39. Ke2 g6 40. g4 Ne7 41. Nc2 Nc8 42. Kf3 Nd6 43. Na3 1/2-1/2

[Event "DM G5 Grp1 2025"]
[Site "Svendborg"]
[Date "2025.04.16"]
[Round "5"]
[White "Mosegaard, Klaus"]
[Black "Velarde, Andrew"]
[Result "0-1"]
[WhiteElo "1871"]
[BlackElo "1794"]
[WhiteFideId "1441710"]
[BlackFideId "1435132"]
[EventDate "2025.04.12"]
[EventType "swiss"]
[EventRounds "5"]
[EventCountry "DEN"]
[SourceTitle "Live v. Kasper Jerwiarz"]

1. b3 Nf6 2. Bb2 e6 3. e3 d5 4. Nf3 Be7 5. d4 O-O 6. Bd3 Nbd7 7. O-O b6 8. Nbd2 Bb7 9. Rc1 c5 10. c4 Rc8 11. Qe2 Ne4 12. Rfd1 Ndf6 13. dxc5 Nxc5 14. Bb1 Qe8 15. Ne5 Nfd7 16. Nxd7 Nxd7 17. cxd5 Rxc1 18. Rxc1 Bxd5 19. Qd3 g6 20. e4 Ba8 21. Rc7 Nc5 22. Qc3 f6 23. Rxa7 Qd8 24. Kf1 Bd6 25. b4 Be5 26. Qh3 Nb7 27. Qxe6+ Rf7 28. Bxe5 fxe5 29. Ke2 Qb8 30. Ra3 Nd8 31. Qc4 b5 32. Qd3 Ne6 33. g3 Kg7 34. Nf3 Qf8 35. Qe3 Rxf3 36. Ra7+ Kg8 37. Rxa8 Rxe3+ 0-1

[Event "DM G5 Grp1 2025"]
[Site "Svendborg"]
[Date "2025.04.16"]
[Round "5"]
[White "Poulsen, Albert Damgaard"]
[Black "Hanuscheck, Jorgen Peter"]
[Result "1-0"]
[WhiteElo "1843"]
[BlackElo "1761"]
[WhiteFideId "1478613"]
[BlackFideId "1462512"]
[EventDate "2025.04.12"]
[EventType "swiss"]
[EventRounds "5"]
[EventCountry "DEN"]
[SourceTitle "Live v. Kasper Jerwiarz"]

1. d4 e6 2. e4 d5 3. Nc3 Bb4 4. Nge2 dxe4 5. a3 Be7 6. Nxe4 Nf6 7. N2g3 b6 8. Qf3 Nbd7 9. Nxf6+ Nxf6 10. Qxa8 O-O 11. Qf3 Qxd4 12. Bd3 e5 13. Qe3 Re8 14. Qxd4 exd4 15. O-O Bd6 16. Bg5 Ng4 17. Rae1 Rf8 18. Be7 Bxg3 19. hxg3 Re8 20. Bb5 c6 21. Bxc6 Ba6 22. Bxe8 Bxf1 23. Kxf1 g6 24. Bd7 Nh6 25. Bf6 Nf5 26. Re8# 1-0

[Event "DM G5 Grp1 2025"]
[Site "Svendborg"]
[Date "2025.04.16"]
[Round "5"]
[White "Jorgensen, Palle Halkier"]
[Black "Kappel, Erik"]
[Result "1-0"]
[WhiteElo "1876"]
[BlackElo "1697"]
[WhiteFideId "1440276"]
[BlackFideId "1478311"]
[EventDate "2025.04.12"]
[EventType "swiss"]
[EventRounds "5"]
[EventCountry "DEN"]
[SourceTitle "Live v. Kasper Jerwiarz"]

1. d4 d5 2. Bf4 Nf6 3. Nf3 Nc6 4. e3 e6 5. c4 Bb4+ 6. Nc3 O-O 7. Bd3 dxc4 8. Bxc4 Nd5 9. Bxd5 exd5 10. O-O a6 11. Qb3 Bxc3 12. Qxc3 h6 13. Ne1 Re8 14. Nd3 Bd7 15. Nc5 b6 16. Nxd7 Qxd7 17. Rfc1 Re6 18. b4 Rc8 19. a4 Qe7 20. Rab1 Qd7 21. Rc2 Na7 22. Qb3 c6 23. Rbc1 Rg6 24. Qd3 b5 25. a5 Qg4 26. f3 Qd7 27. e4 dxe4 28. fxe4 Rg4 29. Bg3 Qe6 30. d5 cxd5 31. exd5 Qd7 32. Rc7 Rxc7 33. Rxc7 Rxg3 34. Qxg3 Qxd5 35. Qf3 Qd4+ 36. Qf2 Qd1+ 37. Qf1 Qd4+ 38. Kh1 f6 39. Qc1 Qxb4 40. Rxa7 Qxa5 41. Qc8+ Kh7 42. Qf5+ Kg8 43. Ra8+ Kf7 44. Qd7+ 1-0

[Event "DM G5 Grp1 2025"]
[Site "Svendborg"]
[Date "2025.04.16"]
[Round "5"]
[White "Gregor, Jan"]
[Black "Jakobsen, Alex"]
[Result "1-0"]
[WhiteElo "1711"]
[BlackElo "1671"]
[WhiteFideId "1435329"]
[BlackFideId "1480790"]
[EventDate "2025.04.12"]
[EventType "swiss"]
[EventRounds "5"]
[EventCountry "DEN"]
[SourceTitle "Live v. Kasper Jerwiarz"]

1. e4 e5 2. Nf3 Nc6 3. d4 exd4 4. Bc4 Be7 5. Nxd4 d6 6. O-O Nf6 7. Nc3 Ne5 8. Bb3 c5 9. Ba4+ Bd7 10. Ndb5 O-O 11. f4 Nc4 12. Bb3 Bxb5 13. Nxb5 a6 14. Bxc4 axb5 15. Bd5 Nxd5 16. Qxd5 b6 17. Bd2 b4 18. c3 bxc3 19. Bxc3 Ra7 20. Rad1 Qa8 21. a3 Qxd5 22. Rxd5 h6 23. Kf2 f6 24. g4 g5 25. Kf3 Kf7 26. Ke3 Ke6 27. f5+ Kd7 28. Ra1 Rh8 29. Rad1 Rf8 30. h3 Kc6 31. Ra1 Kb5 32. Kd3 Rf7 33. b4 Kc6 34. bxc5 dxc5 35. a4 Rd7 36. Kc4 Rxd5 37. exd5+ Kb7 38. Kb5 Bd6 39. Re1 Re7 40. Re6 Rxe6 41. fxe6 Be7 42. d6 Bxd6 43. Bxf6 Kc7 44. Bg7 1-0

[Event "DM G5 Grp1 2025"]
[Site "Svendborg"]
[Date "2025.04.16"]
[Round "5"]
[White "Munch, Niels Christian"]
[Black "Hansen, Jorgen Frank"]
[Result "1/2-1/2"]
[WhiteElo "1760"]
[BlackElo "1802"]
[WhiteFideId "1470744"]
[BlackFideId "1446258"]
[EventDate "2025.04.12"]
[EventType "swiss"]
[EventRounds "5"]
[EventCountry "DEN"]
[SourceTitle "Live v. Kasper Jerwiarz"]

1. d4 d5 2. Nf3 Nf6 3. e3 Bg4 4. Bd3 e6 5. a3 Bd6 6. c3 Nbd7 7. Nbd2 a6 8. Qc2 c5 9. e4 dxe4 10. Nxe4 Nxe4 11. Bxe4 Bxf3 12. Bxf3 Qc7 13. Qe4 Rb8 14. Qg4 cxd4 15. cxd4 g6 16. h3 Qa5+ 17. Bd2 Qf5 18. Bh6 Qxg4 19. hxg4 Rg8 20. Bd2 Rg7 21. O-O-O b5 22. b4 Nb6 23. Be2 Rc8+ 24. Kb1 f5 25. Rc1 Rgc7 26. gxf5 exf5 27. Rhe1 Kf7 28. Rxc7+ Rxc7 29. Rc1 Rxc1+ 30. Bxc1 h5 31. Bf3 Nd7 32. Bg5 Bc7 33. Bb7 Nb8 34. Bd5+ Kf8 35. Be6 Bd6 36. d5 Bc7 37. Kc2 Ke8 38. f3 Be5 39. Bc8 Bd6 40. Be3 f4 1/2-1/2

[Event "DM G5 Grp1 2025"]
[Site "Svendborg"]
[Date "2025.04.16"]
[Round "5"]
[White "Hansen, Allan Hallgren"]
[Black "Moller, Henrik Allan"]
[Result "1/2-1/2"]
[WhiteElo "1718"]
[BlackElo "1653"]
[WhiteFideId "1440888"]
[BlackFideId "1479199"]
[EventDate "2025.04.12"]
[EventType "swiss"]
[EventRounds "5"]
[EventCountry "DEN"]
[SourceTitle "Live v. Kasper Jerwiarz"]

1. d4 Nf6 2. c4 e6 3. Nf3 d5 4. e3 c5 5. cxd5 Nxd5 6. Be2 cxd4 7. Nxd4 Be7 8. O-O O-O 9. Bd2 Bd7 10. a3 Nc6 11. Nxc6 Bxc6 12. Bf3 Bf6 13. Ra2 Qc7 14. b4 Rfd8 15. Qe2 Qb6 16. Rc1 Rac8 17. Rac2 a6 18. e4 Ne7 19. Be3 Qc7 20. Nd2 Qb8 21. Bb6 Bb5 22. Qe1 Rxc2 23. Rxc2 Rc8 24. Qc1 Rxc2 25. Qxc2 Qc8 26. Qxc8+ Nxc8 27. Be3 Bb2 28. e5 Bxa3 29. Bxb7 Ne7 30. Bc5 Nc6 31. Bxc6 Bxc6 32. Bd6 1/2-1/2

[Event "DM G5 Grp1 2025"]
[Site "Svendborg"]
[Date "2025.04.16"]
[Round "5"]
[White "Clausen, Hans Jorgen"]
[Black "Hansen, Anders"]
[Result "1-0"]
[WhiteElo "1775"]
[BlackElo "1555"]
[WhiteFideId "1409425"]
[BlackFideId "1711237"]
[EventDate "2025.04.12"]
[EventType "swiss"]
[EventRounds "5"]
[EventCountry "DEN"]
[SourceTitle "Live v. Kasper Jerwiarz"]

1. d4 Nf6 2. Nf3 e6 3. h3 d5 4. Bf4 c5 5. Bxb8 Rxb8 6. dxc5 Bxc5 7. e3 b5 8. Be2 O-O 9. O-O a6 10. c3 Bb7 11. Nbd2 Qc7 12. b4 Bd6 13. Rc1 Rbc8 14. a4 Qd7 15. axb5 axb5 16. Nd4 Bc6 17. Nxc6 Qxc6 18. Nb3 e5 19. Qd3 Rb8 20. Na5 Qc7 21. f3 e4 22. fxe4 dxe4 23. Qd2 Rfd8 24. Qc2 Bh2+ 25. Kh1 Be5 26. c4 Rdc8 27. Rfd1 g6 28. Qb1 bxc4 29. Rxc4 Qb6 30. Qb3 Rf8 31. Nc6 Rbe8 32. b5 Bg3 33. Nd4 Rd8 34. Rc6 Qb8 35. Rxf6 Be5 36. Rff1 Kg7 37. Nc6 1-0